000 00332nam a2200121Ia 4500
003 GCL
008 140319s9999 xx 000 0 ara d
040 _aGCL /
_cGCL
082 0 4 _aط
_b813.02
_bش ح
100 1 _aشعبان قزامل
245 1 0 _aحكايات وابتسامات /
_cشعبان قزامل
490 _aاطفالنا
_v0
999 _c38948
_d38948